| 000 | 00883cab a2200277 4500 | ||
|---|---|---|---|
| 001 | ABS52806 | ||
| 008 | 090401t1995 xxu||||| |||| 00| 0 eng d | ||
| 035 | _a(Sirsi) u280 | ||
| 041 | _aeng | ||
| 100 | _aBuchanan, J. | ||
| 245 | _aSomething to build on | ||
| 260 | _c1995 | ||
| 350 | _a0 | ||
| 490 |
_aProperty Week _v51(9) 1 June 1995, 18-19(2) |
||
| 520 | _aHighlights the main recommendations of the Latham Report and questions why developers are concerned about some of the proposals, despite the aims for more efficient contractors, more orders and more buildings let. | ||
| 650 | _aBUILT ENVIRONMENT-BUILDING COSTS | ||
| 650 | _aBUILDING DEFECTS | ||
| 650 | _aLATHAM REFORMS | ||
| 650 | _aCONSTRUCTION INDUSTRY | ||
| 650 | _aEFFICIENCY | ||
| 650 | _aLATHAM REFORMS | ||
| 650 | _aREDUCTION | ||
| 690 | _aBUILT ENVIRONMENT | ||
| 942 | _n0 | ||
| 948 | _c04/03/1997 | ||
| 999 |
_c109 _d109 |
||